| 000 | 00382nam a2200157Ia 4500 | ||
|---|---|---|---|
| 008 | 151213s9999 xx 000 0 und d | ||
| 100 | _aHerbert Shildt | ||
| 245 |
_aTeach Yourself _cHerbert Shildt |
||
| 250 | _a3rd | ||
| 260 |
_aNew Delhi _bTata Mc Graw Hill _c1998 |
||
| 300 | _a8613 p. | ||
| 650 | _aComputer | ||
| 650 | _aComputer | ||
| 700 | _aHerbert Shildt | ||
| 999 |
_c4405 _d4405 |
||